Estatísticas para Cultura Geral

Clique aqui para jogar o quiz

Estatísticas Gerais

  • Esse quiz foi jogado 18 vezes
  • A pontuação média é 9 de 15

Estatísticas das Respostas

HintResposta% Correto
Em que país podemos encontrar a sede da empresa Bic?França
86%
Em que país podemos encontrar a sede da empresa Dove?Reino Unido
86%
Que nome damos ao ato de se investir na obtenção de conhecimentos?Estudo
79%
Em que país podemos encontrar a sede da empresa Armani?Itália
71%
O que é a Vogue?Revista
71%
Que nome damos a um objeto composto de duas lâminas de corte que se movem sobre um eixo comum e articuladas face a face?Tesoura
71%
Que nome damos ao item de papelaria utilizado para fazer anotações sobre o dia a dia?Agenda
64%
Em que país podemos encontrar a sede da empresa Nívea?Alemanha
64%
Que nome damos ao estudo dos pés do ponto de vista da sua anatomia e patologia?Podologia
64%
Que nome damos á conversa trivial sobre assuntos pessoais ou privados de outros?Fofoca
50%
Que nome damos ao instrumento que serve para furar, nesse caso, furar papéis?Furador
50%
Que nome damos á comunicação de informações selecionadas sobre eventos atuais?Notícia
43%
Que nome damos ao profissional especialista em cafés?Barista
21%
Que nome damos a um processo psicológico que indica o entendimento do significado de algo?Compreensão
21%
Em que país podemos encontrar a sede da empresa A Bathing Ape?Japão
21%

Distribuição das Pontuações

Percentil de Números Respondidos

Porcentagem de Pessoas com Cada Pontuação

Sua Pontuação Histórica

Você não jogou esse quiz